Statistiken für Städte in den Pokémon-Regionen Johto und Kanto auf der Karte

Klicken Sie hier um das Quiz zu spielen!

Allgemein

  • Dieses Quiz wurde 213 mal gespielt
  • Das Durchschnittsergebnis liegt bei 30 aus 48

Antworten auf der Karte

Die Antworten werden auf der Karte rot bzw. grün angezeigt, abhängig davon wie oft sie richtig erraten wurden.
 

Antwortstatistiken

Antwort% Korrekt
Alabastia
89%
Zinnoberinsel
82%
Lavandia
78%
Seeschauminseln
78%
Marmoria City
76%
Azuria City
74%
Vertania City
74%
Fuchsania City
72%
Prismania City
72%
Vertania-Wald
72%
Indigo Plateau
71%
Saffronia City
70%
Azuria-Höhle
69%
Mondberg
69%
Neuborkia
69%
Orania City
69%
See des Zorns
69%
Siegesstraße
69%
Digdas Höhle
66%
Knofensaturm
66%
Leuchtturm von Oliviana City
65%
Flegmon-Brunnen
64%
Teak City
64%
Ebenholz City
63%
Silberberg
63%
Glockenturm
62%
Viola City
62%
Alph-Ruinen
60%
Drachenhöhle
60%
Dukatia City
60%
Steineichenwald
60%
Turmruine
60%
Rosalia City
59%
Anemonia City
57%
Oliviana City
57%
Strudelinseln
57%
Azalea City
55%
Mahagonia City
55%
Tohjo-Fälle
51%
Felstunnel
50%
Nationalpark
48%
Dunkelhöhle
45%
Kampfzone
43%
Kraftwerk
39%
Einheitstunnel
38%
Kesselberg
38%
Safari-Zone
37%
Park der Freunde
29%

Verteilung der Resultate

Perzentil nach korrekt beantworteten Fragen

Anzahl Personen mit jedem Resultat

Ihre Resultats-Entwicklung

Sie haben dieses Quiz noch nicht gespielt